00931cam a22002531 4500001001300000003000400013005001700017008004100034010001700075035002000092040004600112042001200158050002700170051001600197100004200213245005700255260004300312300002200355490006500377500005300442500009000495650002500585830006700610e 23000253 DLC20260227111214.0940801s1923 dcu f000 0 eng c ae 23000253  a(OCoLC)30855764 aLibrary, U.S. Bur. of EducationcIENdDLC apremarc00aL111b.A6 1923, no. 17 aLB2823b.B81 aBuchner, Edward Franklin,d1868-1929.00aEducational surveys,cby Edward Franklin Buchner ... aWashington,bGovt. Print. Off.,c1923. aii, 44 p.c23 cm.1 a[United States] Bureau of Education. Bulletin,v1923, no. 17 aAt head of title: Department of the Interior ... aAdvance sheets from the Biennial survey of education in the United States, 1920-1922. 0aEducational surveys. 0aBulletin (United States. Bureau of Education) ;v1923, no. 17.